000 00266nam a22001217a 4500
008 170502b xxu||||| |||| 00| 0 eng d
041 _aeng
080 _a341
100 _a13
101 _aSHJ
245 _aAMERICAN CONSTITUTION
_cPRITCHETTT.C.M
942 _2udc
_cBK
999 _c12372
_d12372